00415nam a22001337a 4500003000500000038001800005082000800023100001700031245006700048264003300115650003900148700003700187856005700224NUST aNusrat Nadeem a200 aKhan, Rabia, aCross-Domain Recommendation using Deep Learning/cRabia Khan,  aRawalpindi:bMCS NUSTc2026. aPhD-Computer Software Engineering  aSupervisor: Prof Dr. Naima Iltaf uhttp://10.250.8.41:8080/xmlui/handle/123456789/57189